Mobil namiesto karty podľa prieskumu platbu telefónom vníma pozitívne až 73 percent opýtaných

Bibliographic Details
Main Author: Bačišin, Vladimír, 1963- (Author)
Format: Article
Language:Slovak
PhysicalDescription:Graf
ISSN:1335-4620
Subjects:

MARC

LEADER 00000nab a2200000 a 4500
001 vtls000808305
003 SK-MaSNL
005 20260302150259.0
008 180207c2002 xo 0 slo
015 |a SNBRB2002/10-30588 
035 |a CLN000159960 
040 |a SNKBUCL  |b slo  |c SNKBUCL  |e AACR2 
041 0 |a slo 
044 |a xo  |c SK 
080 |a 336.717.13:654.165  |2 UDC-MRF-SK2 
080 |a 654.165  |2 UDC-MRF-SK2 
080 |a 621.395.72  |2 UDC-MRF-SK2 
100 1 |a Bačišin, Vladimír,  |d 1963-  |4 aut  |9 52522 
245 1 0 |a Mobil namiesto karty  |b podľa prieskumu platbu telefónom vníma pozitívne až 73 percent opýtaných  |c Vladimír Bačišin 
300 |b Graf 
650 0 7 |a styk platobný bezhotovostný  |x telefóny mobilné  |x využitie  |2 snkbucl  |9 839684 
650 0 7 |a telefóny mobilné  |2 snkbucl  |9 839131 
655 7 |a články z novín a časopisov  |2 snkbucl  |9 267496 
773 0 |x 1335-4620  |t Profit  |g Roč. [10], č. 29 (2002), s. 61 
850 |a Slovenská národná knižnica v Martine 
852 |a SNK  |b KIS3GCP 
958 |a RBX 
999 |c 1356903  |d 1358833